Normal view MARC view

Entry Topical Term

Number of records used in: 1

001 - CONTROL NUMBER

  • control field: 91085

003 - CONTROL NUMBER IDENTIFIER

  • control field: BDCtgAUW

005 - DATE AND TIME OF LATEST TRANSACTION

  • control field: 20260226161820.0

008 - FIXED-LENGTH DATA ELEMENTS

  • fixed length control field: 260226|| aca||aabn | a|a d

040 ## - CATALOGING SOURCE

  • Original cataloging agency: BDCtgAUW
  • Transcribing agency: BDCtgAUW

150 ## - HEADING--TOPICAL TERM

  • Topical term or geographic name entry element: Atomic bomb victims
  • Geographic subdivision: Japan
  • Geographic subdivision: Hiroshima-shi

670 ## - SOURCE DATA FOUND

  • Source citation: Work cat.: (BDCtgAUW)16285: Sheftall, M. G. author 91084, Hiroshima :